| 000 | 01062cam a2200241 4500 | ||
|---|---|---|---|
| 001 | WB4016-01 | ||
| 008 | 040427n2004 000 0 eng u | ||
| 035 | _a(Sirsi) u126011 | ||
| 245 | _aOn-site English lessons | ||
| 260 | _c2004 | ||
| 490 |
_aRICS Press Release _v(pr040) 26 April 2004 (4) |
||
| 520 | _aRICS urges Britain's construction industry to provide basic English lessons on building sites to its increasing number of non-English speaking construction workers. This would both improve health and safety and boost productivity. The Construction Industry Training Board estimates that the UK construction industry will require an extra 83 000 workers annually. http://www.rics.org/ricscms/bin/show?class=PressRe lease&template=/includes/showpr.html&id=1164 | ||
| 590 | _aWB | ||
| 590 | _aWB | ||
| 600 | _aSITE SAFETY | ||
| 650 | _aLANGUAGES | ||
| 650 | _aCONSTRUCTION INDUSTRY | ||
| 650 | _aSKILLS SHORTAGE | ||
| 650 | _aEUROPEAN UNION | ||
| 650 | _aPRODUCTIVITY | ||
| 690 | _aBUILDING AND CONSTRUCTION-HEALTH AND SAFETY | ||
| 942 | _n0 | ||
| 999 |
_c117249 _d117249 |
||